| 000 | 005000000a22001930004500 | ||
|---|---|---|---|
| 001 | 001925 | ||
| 003 | MACL | ||
| 005 | 20150821112808.0 | ||
| 008 | 150821b xxu||||| |||| 00| 0 eng d | ||
| 040 |
_aMACL _cMACL |
||
| 041 | _aEnglish | ||
| 082 | _a616.462/RAM | ||
| 100 |
_aRaman, P.G. _96392 |
||
| 245 |
_aDiabetes Mellitus Second Edition _cP.G. Raman |
||
| 260 |
_aNew Delhi _c2000 _bAITBS Publishers And Distributors, |
||
| 350 | _a195 | ||
| 650 |
_aMedical Science _985 |
||
| 942 |
_k616 _cBK _2ddc |
||
| 999 |
_c13841 _d13841 |
||